000 01045nam a22002777a 4500
001 BD-DhSAU 9278
003 BD-DhSAU
005 20260122101858.0
008 150613b2018 bg a|||| m||| 00| 0 eng d
040 _aBD-DhSAU
082 _222
_a635
_bSi69
100 _aMIM, MOST. SINTHIA TALUKDER
_eRegistration # 17-07771
245 _aInfluence of starter solution for reducing nitrogen fertilizer on growth and yield of broccoli /
_bMS thesis
260 _aSher-e-Bangla Agricultural University :
_bDepartment of Horticulture,
_c2024.
300 _aix, 63p. :
_bill. ;
_c30 cm.
500 _aMS thesis of Department of Horticulture, Faculty of Agriculture, Sher-e-Bangla Agricultural University, Dhaka, Bangladesh
504 _aIncludes bibliographical reference.
590 _aNazmul
650 _astarter solution
650 _areducing nitrogen fertilizer
651 _abroccoli
700 _aProf. Dr. Md. Ismail Hossain
_eSuperviser
700 _aProf. Dr. Jasim Uddain
_eCo-superviser
942 _2ddc
_cTHESIS
999 _c18196
_d18195